LEADER 00632nam a2200169 i 4500 001 000000243951 003 CaOOAMICUS 005 20150727000000.0 008 150727s1861 it u000 u fre u 013 $a222856 040 $aSeMil$bita 245 10$aTome 1. 300 $a691 p., [1] c. di tav. :$britr. 773 0 $aFenelon, François $tOeuvres de Fénelon, archevêque de Cambrai.$dParis : Chez Firmin Didot frères, fils et Cie, 1861.$g1$w()32272 850 $aSeMil 852 $aSeMil$W1$xVenegono$y1$m3F VII 20 FA$j194297$B194297$CSeMilBibl$Z2$F204908 $8I 996 $6245$aTome 1$9(OLS)http://semarc/title/1447 LEADER 01119nam a2200253 i 4500 001 000000211809 003 CaOOAMICUS 005 20251027143048.0 008 120314n it u000 u fre u 013 $a190622 040 $aSeMil$bita 245 00$aContes choisis des Frères Grimm /$ctraduits de l'allemand par Henri Mansvic. 264 1$aParis :$bErnest Flammarion,$c[1913] 300 $a356 p. ;$c19 cm. 490 1 $aLes meilleurs auteurs classiques : français et étrangers 700 1 $aGrimm, Jacob,$d<1785-1863>.$0(OLS)http://semarc/name/36746 700 1 $aMansvic, Henri.$0(OLS)http://semarc/name/75614 700 1 $aGrimm, Wilhelm,$d<1786-1859>.$0(OLS)http://semarc/name/36747 830 4$aLes meilleurs auteurs classiques : français et étrangers.$0(OLS)http://semarc/title/10195 850 $aSeMil 852 $aSeMil$W1$xVenegono$y1$m1W IV 30 FA$j162248$B162248$CSeMilBibl$Z2$F173523 $8I 996 $6245$aContes choisis des Frères Grimm$9(OLS)http://semarc/title/305870 996 $6264$aParis :$bErnest Flammarion$9(OLS)http://semarc/publisher/34909